00734nam a2200217Ia 4500001002200000003000900022008004100031040002300072041001300095100002000108240003600128245003500164250001500199260002700214300001900241490001500260501012400275520005800399700003800457700002100495230-CAR je di (21648)IT-MiSPE171229s9999||||xx |||||||||||||| ||und|| aIT-MiSPEcIT-MiSPE aITALIANO aJean Cardonnel  aDieu est mort en Jésus Christ 0aDio è morto in Gesù Cristo a1a ed. (v) aTorinobGribaudic1969 a267 p. c19 cm aIntervento aEdizioni San Paolo srl - Piazza Soncino, 5 - 20092 CINISELLO BALSAMO (MI) (non commercial uses only) ® Copyright 2018 aChristian Duquoc (prem.), Alessandro Pronzato (pref.) aAlessandro Pronzatog(traduzione) aChristian Duquoc